Statistics for Cristiano Ronaldo Hat-Tricks

Click here to take the quiz!

General Stats

  • This quiz has been taken 89 times
  • The average score is 23 of 59

Answer Stats

YearCompetitionOpponent% Correct
2017Champions LeagueAtletico Madrid
92%
2016La LigaAtletico Madrid
92%
2012La LigaAtletico Madrid
92%
2019Champions LeagueAtletico Madrid
92%
2013La LigaSevilla
73%
2015La LigaSevilla
73%
2011La LigaSevilla
73%
2013La LigaSevilla
73%
2011La LigaSevilla
73%
2022Premier LeagueTottenham
71%
2018World CupSpain
68%
2017Champions LeagueBayern Munich
65%
2011La LigaVillarreal
60%
2010La LigaAthletic Bilbao
56%
2014La LigaAthletic Bilbao
56%
2011La LigaGetafe
46%
2013La LigaGetafe
46%
2015La LigaGetafe
46%
2021World Cup QualifyingLuxembourg
46%
2008Premier LeagueNewcastle
46%
2018La LigaReal Sociedad
41%
2013La LigaReal Sociedad
41%
2013World Cup QualifyingSweden
41%
2016Champions LeagueWolfsburg
40%
2012Copa del RayCelta Vigo
38%
2016La LigaCelta Vigo
38%
2014La LigaCelta Vigo
38%
2016La LigaEspanyol
38%
2015La LigaEspanyol
38%
2015La LigaEspanyol
38%
2011La LigaMalaga
37%
2011La LigaMalaga
37%
2019Nations LeagueSwitzerland
35%
2012Champions LeagueAjax
31%
2010La LigaMallorca
31%
2011La LigaRayo Vallecano
29%
2013La LigaDeportivo La Coruña
27%
2012La LigaDeportivo La Coruña
27%
2019European QualifiersLithuania
27%
2019European QualifiersLithuania
27%
2014La LigaElche
24%
2015La LigaGranada
24%
2018La LigaGirona
23%
2010Copa del RayLevante
23%
2011La LigaLevante
23%
2011La LigaOsasuna
23%
2015Champions LeagueMalmo
22%
2016La LigaAlaves
19%
2013Champions LeagueGalatasaray
18%
2016World Cup QualifyingAndorra
17%
2020Serie ACagliari
15%
2021Serie ACagliari
15%
2015European QualifiersArmenia
14%
2017World Cup QualifyingFaroe Islands
12%
2013World Cup QualifyingNorthern Ireland
6%
2016Club World CupKashima Antlers
5%
2015Champions LeagueShakhtar Donetsk
4%
2011La LigaReal Zaragoza
3%
2010La LigaRacing Santander
1%

Score Distribution

Percentile by Number Answered

Percent of People with Each Score

Your Score History

You have not taken this quiz